02451nam a2200277 4500001000400000003000400004005001700008008004100025020001800066040000800084041001300092082001600105100001800121240001500139245008100154260003300235300001100268520172800279650002502007650002902032650002002061650003602081655001202117655001602129700002802145433OSt20250625075651.0250625b |||||||g |||| 00| 1 eng d a9788525060495 bpor hengapor a028.5bK33g1 aKeating, Lucy aDreamology aO Garoto dos meus Sonhos / cKeating, Lucy ; Tradução de Luisa Geisler aSão PaulobGlobo Altc2016 a264 p. aDesde quando consegue se lembrar, Alice tem sonhado com Max. Juntos eles viajaram o mundo, passearam em elefantes cor-de-rosa, fizeram guerra de biscoitos no Metropolitan Museum of Art... e acabaram se apaixonando. Max é o garoto dos sonhos – e somente dos sonhos – até o dia em que Alice o vê, surpreendentemente, na vida real. Mas ele não faz ideia de quem ela é... Ou faz? Enquanto começam a se conhecer, Alice percebe que o Max dos Sonhos em nada se parece com o Max Real. Ele é complicado e teimoso, além de ter uma namorada e uma vida inteira da qual Alice não faz parte. Quando coisas fantásticas dos sonhos começam estranhamente a aparecer na vida real – como pavões gigantes que falam, folhas de outono cor-de-rosa incandescente, e constelações de estrelas coloridas –, Alice e Max precisam tomar a difícil decisão de fazer isso tudo parar. Mesmo que os sonhos sejam mais encantadores que a realidade, seria realmente bom viver neles para sempre? A história mostra um ingênuo senhor rural cujo passatempo favorito era a leitura de livros de cavalaria. Na sua obsessão, acreditava literalmente nas aventuras escritas e decide tornar-se um cavaleiro andante. Suas viagens sucedem-se sob a alucinação de que estava vivendo na era da cavalaria; pessoas que encontrava nas estradas pareciam-lhe como cavaleiros em armas, damas em apuros, gigantes e monstros; até moinhos de vento na sua imaginação eram seres vivos. Combatendo as injustiças, o personagem enfrenta situações penosas e ridículas, mantendo, porém, uma figura nobre e patética. Ao final, Dom Quixote volta à razão, renuncia aos romances de cavalaria e morre como piedoso cristão. 0aLiteratura Americana 0aRomance para Adolescente 0aAmor e Paixão 0aPrimeiras desilusões amorosas 0aRomance 0aFicção  aLuisa GeislereTRADUTOR